Bats in the belfry : a joyous evocation of architectural eccentricity /

Bibliographic Details
Main Author: Young, David, 1932 September 30-
Format: Book
Language:English
Published: Newton Abbot : David & Charles, [1987]
Subjects:

MARC

Tag First Indicator Second Indicator Subfields
LEADER 00000cam a2200000 a 4500
001 in00000027958
005 20151007054656.0
008 870812s1987 enka 00010 eng d
010 |a gb 87022611  
015 |a GB87-22611 
020 |a 0715390910 (pbk) :  |c £6.95 
035 |a (OCoLC)15664709 
035 |9 AAB5904AM 
040 |a UKM  |c UKM  |d TXA  |d UtOrBLW 
043 |a e-uk--- 
049 |a TXAM  |c [A11521587] 
050 1 0 |a NA961 
050 4 |a NA961  |b .Y68 1987 
082 0 |a 720/.941  |2 19 
100 1 |a Young, David,  |d 1932 September 30- 
245 1 0 |a Bats in the belfry :  |b a joyous evocation of architectural eccentricity /  |c David Young. 
264 1 |a Newton Abbot :  |b David & Charles,  |c [1987] 
264 4 |c ©1987 
300 |a 104 pages :  |b illustrations (some color) ;  |c 25 cm. 
336 |a text  |b txt  |2 rdacontent 
337 |a unmediated  |b n  |2 rdamedia 
338 |a volume  |b nc  |2 rdacarrier 
650 0 |a Architecture  |z Great Britain  |x History. 
999 |a MARS 
999 f f |s 99765155-51d5-3be1-9815-f5fa7c38ac1d  |i 0e63f5e5-1b2c-39ba-a479-849f441a9bdd  |t 0 
952 f f |p ric  |a Texas A&M University  |b Rellis Campus  |c Joint Library Facility  |d Remote Storage  |t 0  |e NA961 .Y68 1987  |h Library of Congress classification  |i unmediated -- volume  |m A14811521587 
998 f f |a NA961 .Y68 1987  |t 0  |l Remote Storage